Central Library OPAC University of Rajshahi

Elements of physical chemistry / (Record no. 73930)

MARC details
000 -LEADER
fixed length control field 00789nam a2200253 a 4500
001 - CONTROL NUMBER
control field 73930
003 - CONTROL NUMBER IDENTIFIER
rucl marc code BD-RjUL
005 - DATE AND TIME OF LATEST TRANSACTION
control field 20211209082449.0
008 - FIXED-LENGTH DATA ELEMENTS--GENERAL INFORMATION
fixed length control field 170525s1972 enka 001 0 eng d
035 ## - SYSTEM CONTROL NUMBER
System control number (BD-RjUL)74148
040 ## - CATALOGING SOURCE
Original cataloging agency DLC/ICU
Transcribing agency ICU
Modifying agency DLC
-- BD-RjUL
Language of cataloging eng
041 ## - LANGUAGE CODE
Language code of text/sound track or separate title eng
082 00 - DEWEY DECIMAL CLASSIFICATION NUMBER
Classification number 541
Edition number 23
Author mark and year GLE 1961
100 1# - MAIN ENTRY--PERSONAL NAME
Personal name Glasstone, Samuel,
Dates associated with a name 1897-1986.
9 (RLIN) 116690
245 10 - TITLE STATEMENT
Title Elements of physical chemistry /
Statement of responsibility, etc. by Samuel Glasstone and David Lewis.
250 ## - EDITION STATEMENT
Edition statement Rev. ed.
260 ## - PUBLICATION, DISTRIBUTION, ETC. (IMPRINT)
Place of publication, distribution, etc. London :
Name of publisher, distributor, etc. Macmillan and co.,
Date of publication, distribution, etc. 1960 [Reprinted 1961]
300 ## - PHYSICAL DESCRIPTION
Pagination v, 758 [3] p. :
Illustrations ill. ;
Size 24 cm.
500 ## - GENERAL NOTE
General note Includes Index
650 #0 - SUBJECT ADDED ENTRY--TOPICAL TERM
Topical term or geographic name as entry element Chemistry, Physical
9 (RLIN) 204732
700 1# - ADDED ENTRY--PERSONAL NAME
Personal name Lewis, David,
Dates associated with a name 1903-1975,
Relator term joint author.
942 ## - ADDED ENTRY ELEMENTS (KOHA)
Source of classification or shelving scheme Dewey Decimal Classification
Koha item type Books
Holdings
Lost status Source of classification or shelving scheme Damaged status Not for loan Collection code Permanent Location Current Location Shelving location Date acquired Source of acquisition Cost, normal purchase price Total Checkouts Full call number Date last seen Copy number Koha item type
  Dewey Decimal Classification   Not For Loan Non-fiction Central Library, University of Rajshahi Central Library, University of Rajshahi Reading Room 28/03/1963 Zeitlinger 60.00   541 GLE 1961 21/08/2017 C-1 Books